Missing Word: Bible Women in Movie Titles Quiz Stats

Quiz Updated Feb 15, 2015

Challenge
Share
Tweet
Embed
Score 0/14 Timer 02:00
0 Plays Today
Title Missing Word % Correct
There's Something About _____ (1998)Mary
95.9%
All About _____ (1950)Eve
90.4%
Samson and _____ (1949)Delilah
88.6%
Forgetting _____ Marshall (2008)Sarah
86.7%
_____ and Her Sisters (1986)Hannah
78.6%
_____ and the King (1999)Anna
75.8%
_____ of Sunnybrook Farm (1938)Rebecca
66.6%
Title Missing Word % Correct
Citizen _____ (1996)Ruth
48.1%
_____ Getting Married (2008)Rachel
43.2%
The Adventures of _____, Queen of the Desert (1994)Priscilla
41.7%
_____ Marcy May Marlene (2011)Martha
23.6%
The Lonely Passion of _____ Hearne (1987)Judith
8.8%
_____'s Last Dance (1988)Salome
8.7%
The _____ Sisters (2002)*Magdalene
8.1%

Today's Daily Dose

You're not logged in!

Compare scores with friends on all Sporcle quizzes.
Join for Free
OR
Log In

You Might Also Like...

Show Comments

Extras

Top Quizzes Today


Score Distribution

Your Account Isn't Verified!

In order to create a playlist on Sporcle, you need to verify the email address you used during registration. Go to your Sporcle Settings to finish the process.

Report this User

Report this user for behavior that violates our Community Guidelines.

Details: